| 000 | 00579nam a22001817a 4500 | ||
|---|---|---|---|
| 005 | 20251126175209.0 | ||
| 008 | 251119b |||||||| |||| 00| 0 eng d | ||
| 020 | _a978-81-962763-9-3 | ||
| 041 | _aeng | ||
| 082 | _a615.19 RAJ-T | ||
| 100 |
_aRAJPUT, HAKIM SINGH. NARWARIYA, SHAILENDRA SINGH AND SINGH, KUMAR LALIT _98743 |
||
| 245 | _aA TEXT BOOK OF PHARMACEUTICAL ENGINEERING FOR B. PHARMA [2ND YEAR- 3RD SEMESTER ] | ||
| 250 | _a1 ST ED, 2023 | ||
| 260 |
_aNEW DELHI _bINNOVATIVE PUBLICATION _c2024 |
||
| 300 | _a192;P | ||
| 650 |
_aPHARMACY _x B. PHARMA |
||
| 942 | _cBK | ||
| 999 |
_c8915 _d8913 |
||